Biggest Cities that end in Y with a Map - Statistics

General Stats
  • This quiz has been taken 225 times
  • The average score is 13 of 17
Answers on the Map
Answers color-coded by a green-red scale on the quiz's map according to % correct below.
 
Answer Stats
Population City % Correct
5.40m Sydney
98%
24.5m Mexico City
96%
1.56m Panama City
94%
1.52m Calgary
93%
3.20m Guatemala City
90%
4.50m Kuwait City
89%
5.60m Monterrey
86%
2.18m Almaty
83%
1.35m Niamey
83%
2.00m Kansas City
82%
1.16m Oklahoma City
82%
2.53m Salt Lake City
82%
2.60m Conakry
80%
1.60m Mandalay
67%
1.70m Benin City
59%
1.43m Maracay
32%
1.35m Bareilly
17%
No matching quizzes found
Score Distribution
Percent of People with Each Score
Percentile by Number Answered
Your Score History
You have not taken this quiz